Fundamentos de marketing

Salvato in:
Dettagli Bibliografici
Autori principali: Lamb, Charles W (Autore), Hair, Joseph F (Autore)
Altri autori: McDaniel, Carl (autor)
Natura: Libro
Lingua:spagnolo
Pubblicazione: Ciudad de México Thomson 2006
Edizione:4a. ed
Soggetti:
Tags: Aggiungi Tag
Nessun Tag, puoi essere il primo ad aggiungerne!!

MARC

LEADER 00000nam a2200000 a 4500
001 UCI2717
003 CL-VaPUC
008 070907e20060000MX |||||||||||||||||spa|d
020 |a 9706864393 
082 0 4 |a 658.8  |b LAM  |2 21 
100 |a Lamb, Charles W  |e author  |9 592575 
700 |a Hair, Joseph F  |e author  |9 592752 
700 |a McDaniel, Carl  |e autor  |9 592577 
245 1 0 |a Fundamentos de marketing 
250 |a 4a. ed 
300 |a 590 p 
942 |c BK 
945 |d 20070907 00:00:00  |a jtorresc 
260 |a Ciudad de México  |b Thomson  |c 2006 
650 0 |a Marketing  |9 259324 
650 0 |a Comercialización   |9 259326 
650 7 |a MERCADOTECNIA  |2 CL-VaPUC  |9 347996 
650 0 |a Consumidores  |9 315658 
650 0 |a Publicidad  |9 314572 
650 0 |a Precios   |9 260787 
583 |a last modification  |c 20070907 00:00:00  |k Rodrigo Vera 
999 |c 327191  |d 327189 
952 |0 0  |1 0  |4 0  |6 658_800000000000000_LAM_2006  |7 0  |8 R  |9 409674  |a BIBENE  |b BIBENE  |d 2019-11-22  |i 4369769  |l 2  |o 658.8 LAM 2006  |p 4369769  |r 2025-01-15  |s 2023-11-27  |w 2019-11-22  |y BK_R  |k ICO